| 000 | 00615nam a2200205 a 4500 | ||
|---|---|---|---|
| 001 | 000040382 | ||
| 005 | 20240412074300.0 | ||
| 008 | 130823s2013 dr 000 j spa d | ||
| 020 | _a9789945007688 | ||
| 040 |
_aDO-SdBNP _bspa _cBNPHU |
||
| 082 |
_aRD863.44 _bR466c |
||
| 100 | 1 |
_aReynoso, Menoscal _941 |
|
| 245 | 1 | 0 |
_aConversaciones con extraños / _cMenoscal Reynoso. |
| 260 |
_aSanto Domingo : _bBúho, _c2013. |
||
| 300 |
_a169 p. ; _c22 cm. |
||
| 590 | _aInventariado, 2020 / DG | ||
| 650 | 0 |
_aCuentos dominicanos _9176 |
|
| 650 | 0 |
_aLiteratura dominicana. _967 |
|
| 910 | _aValidado. Control de calidad MFF | ||
| 999 |
_c39872 _d39872 |
||